Liedtext erkennen #9 - Statistiken

Allgemein
  • Dieses Quiz wurde 194 mal gespielt
  • Das Durchschnittsergebnis liegt bei 142 aus 500
Antwortstatistiken
Antwort % Korrekt
I
97%
i
97%
Iwouldhave
97%
yo
88%
a
86%
A
86%
ya
84%
you
84%
You
84%
the
78%
hes
76%
an
71%
(an
71%
me
65%
G
64%
we
64%
is
60%
it
59%
and
58%
to
57%
do
55%
in
53%
go
51%
on
50%
(woo,woo)
48%
my
46%
My
46%
your
45%
Ive
43%
so
43%
where
43%
hear
40%
what
39%
(what,what,what)
39%
for
38%
will
38%
of
36%
like
34%
(like
34%
was
33%
by
32%
man
32%
this
32%
wanna
32%
that
31%
dont
30%
know
29%
one
29%
were
29%
Why
29%
all
28%
All
28%
Hey
27%
hey
27%
there
27%
eva
26%
if
26%
nor
26%
Im
25%
but
23%
its
23%
say
23%
with
23%
up
22%
get
21%
gotta
21%
night
21%
now
21%
200
20%
neva
20%
never
20%
out
20%
let
19%
letem
19%
2007 Jahr
18%
boy
18%
Boy
18%
how
18%
just
18%
make
18%
some
18%
car
17%
give
17%
his
17%
house
17%
off
17%
(yeah)
17%
comin
15%
run
15%
yeah
15%
Yeah
15%
need
14%
world
14%
last
13%
over
13%
street
13%
take
13%
tell
13%
wont
13%
light
12%
from
11%
Goin
11%
hat
11%
long
11%
even
10%
road
10%
side
10%
Side
10%
away
9%
drive
9%
fuck
9%
without
9%
back
8%
before
8%
believe
8%
die
8%
(die)
8%
little
8%
na
8%
people
8%
ride
8%
(ride, ride, ride)
8%
thes
8%
things
8%
together
8%
cause
7%
first
7%
hello
7%
hot
7%
into
7%
(into
7%
saw
7%
seen
7%
through
7%
bring
6%
alone
5%
alone)
5%
black
5%
born
5%
born)
5%
Born
5%
brain
5%
dog
5%
Dogg
5%
fast
5%
hard
5%
play
5%
(play)
5%
speed
5%
Theres
5%
(west side)
5%
(wow)
5%
wow
5%
heat
4%
hold
4%
(holidays, holidays)
4%
Keep
4%
king
4%
lights
4%
police
4%
stop
4%
storm
4%
story
4%
sweet
4%
whole
4%
(woof)
4%
bone
3%
bone)
3%
east
3%
family
3%
highway
3%
holiday
3%
killer
3%
(killer
3%
open
3%
pull
3%
says
3%
seat
3%
sound
3%
tire
3%
(zoom,zoom)
3%
acapella
2%
actor
2%
chase
2%
children
2%
coastin
2%
(continuously)
2%
(errrr)
2%
flag
2%
flash
2%
fredwreck
2%
Gas
2%
imagine
2%
Jim
2%
kick
2%
lead
2%
liftin
2%
Lizard
2%
Murder)
2%
rider
2%
Riders
2%
riders
2%
Riders on the Storm Titel
2%
roll
2%
(shhhh)
2%
Snoop Dogg and The Doors and lets ride
2%
Snoop Dogg / The Doors Interpret
2%
squirmin
2%
(stella)
2%
straight
2%
swiftin
2%
thrown
2%
thrown)
2%
toad
2%
trees
2%
trip
2%
trying
2%
upper
2%
Belts
1%
block
1%
bout
1%
Bumpin
1%
checkered
1%
chrome
1%
class
1%
clean
1%
continuously
1%
dip
1%
dresses
1%
Driftin
1%
expeditiously
1%
fasten
1%
fresh
1%
Jag
1%
loan
1%
mello
1%
melt
1%
metal
1%
pedal
1%
raised
1%
slide
1%
slip
1%
smokin
1%
stella
1%
swish
1%
testaroastin
1%
thers
1%
unlike
1%
wheels
1%
bowl
0%
chameleon
0%
chekin
0%
homey
0%
rigth
0%
Keine übereinstimmenden Quizze gefunden
Verteilung der Resultate
Anzahl Personen mit jedem Resultat
Perzentil nach korrekt beantworteten Fragen
Ihre Resultats-Entwicklung
Sie haben dieses Quiz noch nicht gespielt